Quick Pick: 'Night' Songs Quiz Stats

Quiz Updated May 18, 2016

Challenge
Share
Tweet
Embed
Score 0/15 Timer 01:30
1 Play Today
% Correct
Georgia
95.4%
Long
95%
Hard
94.4%
Friday
93.7%
Satin
93.1%
Shook
91.2%
Zombies
89.6%
Strangers
89.2%
% Correct
Still
88.4%
Fever
88.4%
Fighting
85.2%
Drove
84.8%
Changes
68.9%
Marry
63.7%
Because
62.6%

Today's Daily Dose

Missing Word
The Killers Songs

Word Ladder
1967 Film

Quick Pick
Flag Names

On This Day
February 24th II

You're not logged in!

Compare scores with friends on all Sporcle quizzes.
Sign Up with Email
OR
Log In

You Might Also Like...

Show Comments

Extras

Top Quizzes Today


Score Distribution

Your Account Isn't Verified!

In order to create a playlist on Sporcle, you need to verify the email address you used during registration. Go to your Sporcle Settings to finish the process.